000
00267nam a2200109Ia 4500
008
220204s9999 xx 000 0 und d
082
_a
519.2
_b
DEG
100
_a
Morris H
245
0
_a
Probability and statistics
260
_a
London
_b
Addison Wesley
_c
1975
942
_c
BK
999
_c
26675
_d
26675